| 000 | 00406nam a22001697a 4500 | ||
|---|---|---|---|
| 003 | MPLRDC | ||
| 005 | 20220104143111.0 | ||
| 008 | 210129b ||||| |||| 00| 0 eng d | ||
| 082 | _a857.9 DGH-60 v.1 | ||
| 100 | _a独孤红 | ||
| 245 |
_a南龙北虎. 一 _c |
||
| 250 | _a初版 | ||
| 260 |
_a _b武侠春秋出版社 _c1973 |
||
| 300 | _b平 | ||
| 650 | _a武侠小说 | ||
| 942 |
_cBK _o857.9 DGH-60 v.1 |
||
| 999 |
_c36632 _d36622 |
||